Compendio del derecho público y común de España o de las leyes de las siete partidas, colocado en orden natural
Sparad:
| Huvudupphovsman: | |
|---|---|
| Materialtyp: | Bok |
| Språk: | spanska |
| Publicerad: |
Madrid
Joachin Ibarra
1782
|
| Ämnen: | |
| Taggar: |
Lägg till en tagg
Inga taggar, Lägg till första taggen!
|
MARC
| LEADER | 00000nam a2200000 a 4500 | ||
|---|---|---|---|
| 001 | UCR4320 | ||
| 003 | CL-VaPUC | ||
| 008 | 980307e17820000SP |||||||||||||||||spa|d | ||
| 082 | 0 | 4 | |a 342.46 |b VIS |2 21 |
| 100 | 0 | |a Vizcaíno Pérez, Vicente |e author |9 404221 | |
| 245 | 1 | 0 | |a Compendio del derecho público y común de España o de las leyes de las siete partidas, colocado en orden natural |
| 300 | |a v | ||
| 942 | |c BK | ||
| 945 | |d 19980307 00:00:00 |a aolguin | ||
| 260 | |a Madrid |b Joachin Ibarra |c 1782 | ||
| 650 | 0 | |a Derecho público |9 255910 | |
| 650 | 7 | |a SIETE PARTIDAS |2 CL-VaPUC |9 400175 | |
| 650 | 0 | |a Fuentes del derecho |9 255162 | |
| 650 | 0 | |a Historia del derecho |9 255109 | |
| 650 | 0 | |a Derecho natural |9 255041 | |
| 650 | 7 | |a LEY |2 CL-VaPUC |9 404222 | |
| 650 | 0 | |a Personas |9 255751 | |
| 650 | 0 | |a Moral |9 265913 | |
| 651 | 0 | |a España |9 254926 | |
| 583 | |a last modification |c 19980307 00:00:00 |k Rodrigo Vera | ||
| 999 | |c 267265 |d 267263 | ||
| 952 | |0 0 |1 0 |4 0 |6 342_460000000000000_VIS_1782 |7 0 |8 X |9 299529 |a BIBDER |b BIBDER |d 2019-11-20 |h v.1 |i 1953621 |o 342.46 VIS 1782 |p 1953621 |r 2023-01-25 |w 2019-11-20 |y BK_X |k DER | ||